عرض عادي
عرض مارك
- Emergency Medical Services
مدخل مصطلح موضوعي
001 - رقم الضبط
- حقل الضبط: 11279
003 - معرف رقم الضبط
- حقل الضبط: OSt
005 - تاريخ ووقت أخر عملية
- حقل الضبط: 20120418030058.0
008 - عناصر بيانات ثابتة الطول
- حقل تحكم ثابت الطول: 120418|||a|||||| | ||| d
040 ## - مصدر الفهرسة
- هيئة الفهرسة الأصلية: OSt
- وكالة الكتابة: OSt
150 ## - مدخل-- مصطلح تاريخي
- عنصر مدخل المصطلح الموضوعي او الاسم الجغرافي: Emergency Medical Services
- تفريع عام: methods.
670 ## - بيانات المصدر موجوده
- الاستشهاد بالمصدر: Work cat.: (OSt)23893: Limmer, Daniel. 5299, Topics for the EMT /, c2012.
